000 00688nam a2200217Ia 4500
008 191130s2008##################000#0#eng##
020 _a9780670917686
040 _aACL
_cACL
082 _a790.194 DAV
100 _aDavidson, Rosemary
245 _aGlorious things to do
_cRosemary Davidson ; illustrations by Natacha Ledwidge
260 _aLondon
_bViking
_c2008
300 _a174 p. : ill. ; 19 cm
650 _aGirls -- Life skills guides
650 _aGirls -- Social life and customs -- Miscellanea
650 _aLife skills -- Handbooks, manuals, etc
700 _aLedwidge, Natacha
990 _ae5219102ac10000c13d654c72681410e
991 _a374655
999 _c195810
_d195810